1401 1667 1278 1405 1123 1486 1507 1555 1280 1820 1546 1830 1237 1071 1655 1022 1160 1964 1819 1620 1087 1470 1274 1374 1583 1305 1821 1359 1682 1498 1969 1393 1210 1567 1724 1971 1292 1406 1466 1120 1975 1178 1561 1853 1968 1579 1872 1065 1328 1110 1819 1864 1523 1677 1050 1038 1223 1820 1755 1026 1022 1659 1578 1977 1355 1959 1168 1284 1092 1682 1759 1168 1938 1767 1660 1413 1399 1577 1796 1884 1640 1325 1666 1500 1571 1902 1903 1312 1057 1531 1873 1399 1016 1249 1529 1963 1977 1977 1898 BCNSPRNW ULIB Ver.6.0+V

เปลี่ยนเป็นภาษาไทย

Change to English
 แสดงรายละเอียดบรรณานุกรม
  กลับหน้าหลัก

Brief Record : Get Marc (ISO 2709) : E-mail record : QR code < ปิดหน้าต่าง
LEADER : 00000nam 2200000uu 4500
001    13399113356
003     ULIB
008    111108s2549||||th 000 0 tha d
020    9749458656
060  4 QV35^bว227ค
245 00 ความปลอดภัยในการใช้สารเคมีและการปฏิบัติตัวในห้องปฏิบัติการ/^cสาขาวิชาเภสัชเคมีและเภสัชเวท คณะเภสัชศาสตร์ มหาวิทยาลัยศรีนครินทรวิโรฒ ; วรพรรณ สิทธิถาวร, บรรณาธิการ
260    [นครนายก] :^bคณะเภสัชศาสตร์ มหาวิทยาลัยศรีนครินทรวิโรฒ,^c2549
300    vi, 74 หน้า :^bภาพประกอบ ;^c21 ซม
650  7 ความปลอดภัยในห้องปฏิบัติการ
650  7 สารเคมี
650  7 ห้องปฏิบัติการ
700 0  วรพรรณ สิทธิถาวร,^eบรรณาธิการ
710 2  มหาวิทยาลัยศรีนครินทรวิโรฒ. ^bคณะเภสัชศาสตร์.^bสาขาวิชาเภสัชเคมีและเภสัชเวท
945    ^p109^l0^i14328
995    กัณชพร
999    ^aใช้งานได้ทุกระบบ
รายการนี้ยังไม่มีแท็ก
คุณยังไม่ได้ล็อกอิน คุณสามารถมีกิจกรรมร่วมกับเว็บไซต์ได้ แต่ต้องล็อกอินก่อน ::
  ล็อกอิน

รายการสื่อสารสนเทศ

ลำดับที่ ประเภท เลขเรียก/บาร์โค้ด สถานที่ สถานะ
- ไม่พบข้อมูล -

รายการใกล้เคียง
    หัวเรื่อง [สารเคมี]
    หัวเรื่อง [ห้องปฏิบัติการ]

BibComment


ยังไม่เคยถูกคอมเมนท์

คอมเมนท์ทรัพยากรรายการนี้
  คอมเมนท์: ความปลอดภัยในการใ..


 Copyright 2026. Bcnsprnw @Library